| 000 | 01194nam a2200289 a 4500 | ||
|---|---|---|---|
| 001 | BRCA_3315 | ||
| 005 | 20190320204223.0 | ||
| 008 | 230309s1875----enka---###---#000-0#eng-# | ||
| 041 | _aeng | ||
| 044 | _aenk | ||
| 084 |
_a609 _b.G35 _c1875 |
||
| 100 | 1 |
_aCervantes Saavedra, Miguel de _d1547-1616 _9213 |
|
| 245 | 1 | 0 |
_aThe Adventures of Don Quixote de la Mancha _cBy Miguel de Cervantes Saavedra. |
| 260 |
_aLondres : Edinburgo _bGall and Inglis _c1875 |
||
| 300 |
_a1 v. en 2 partes (xii, 644 p.) _bil. _c20 cm. |
||
| 500 | _aContenido : Primera parte. Prólogo del autor. Segunda parte. Prólogo del autor | ||
| 500 | _aReimpresión de la traducción de Jarvis, publicada en 1870, por los mismos editores. Tela; lomo y planos decorados con adornos en rojo, negro y dorado Lúdovik Osterc | ||
| 500 | _aQM920 | ||
| 546 | _aTexto en : inglés | ||
| 650 | 1 | 4 |
_aNovela española _yÉpoca clásica, 1500-1700 _9215 |
| 650 | 1 | 4 |
_aLiteratura española _yÉpoca clásica, 1500-1700 _9216 |
| 650 | 1 | 4 |
_aNovela española _ySiglo XVII _9217 |
| 650 | 1 | 4 |
_aDon Quijote (Personaje ficticio) _eNovela _9218 |
| 740 | 0 | _aEl Ingenioso Hidalgo Don Quijote de la Mancha | |
| 902 | _aQFM | ||
| 942 |
_2lcc _cB |
||
| 999 |
_c3051 _d3051 |
||